Del consortium a la societas
Na minha lista:
| Autor principal: | |
|---|---|
| Formato: | Livro |
| Idioma: | espanhol |
| Publicado em: |
Madrid
Universidad Complutense
1994
|
| Assuntos: | |
| Tags: |
Adicionar Tag
Sem tags, seja o primeiro a adicionar uma tag!
|
MARC
| LEADER | 00000nam a2200000 a 4500 | ||
|---|---|---|---|
| 001 | UCR1286 | ||
| 003 | CL-VaPUC | ||
| 005 | 20220718094303.0 | ||
| 008 | 971212e19940000SP |||||||||||||||||spa|d | ||
| 999 | |c 264761 |d 264759 | ||
| 040 | |c Pontificia Universidad Católica de Valparaíso | ||
| 082 | 0 | 4 | |a 340.5401 |b GUT |2 21 |
| 100 | |a Gutiérrez-Masson, Laura |e author |9 400854 | ||
| 245 | 1 | 0 | |a Del consortium a la societas |
| 260 | |a Madrid |b Universidad Complutense |c 1994 | ||
| 300 | |a 2 v | ||
| 500 | |a v.1: Consortium ercto non cito | ||
| 500 | |a v.2: Societas omnium bonorum | ||
| 583 | |a last modification |c 19971212 00:00:00 |k Rodrigo Vera | ||
| 650 | 0 | |a Derecho romano |9 255930 | |
| 650 | 7 | |a CONTRATO DE SOCIEDAD |2 CL-VaPUC |9 398370 | |
| 650 | 7 | |a CONSORCIO |2 CL-VaPUC |9 398371 | |
| 650 | 7 | |a FUENTES |2 CL-VaPUC |9 255666 | |
| 650 | 0 | |a Sociedad |9 307903 | |
| 650 | 0 | |a Historia |9 255047 | |
| 650 | 7 | |a TEXTOS JURIDICOS |2 CL-VaPUC |9 398372 | |
| 650 | 7 | |a EDICTOS |2 CL-VaPUC |9 398305 | |
| 650 | 7 | |a PRETOR |2 CL-VaPUC |9 398373 | |
| 650 | 0 | |a Bienes |9 255749 | |
| 650 | 0 | |a Derecho civil |9 255013 | |
| 650 | 0 | |a Instituciones jurídicas |9 380718 | |
| 650 | 0 | |a Comunidades |9 337024 | |
| 650 | 7 | |a COPROPIEDAD |2 CL-VaPUC |9 373881 | |
| 650 | 0 | |a Derechos reales |9 257708 | |
| 650 | 0 | |a Derecho de familia |9 255603 | |
| 942 | |c BK |2 ddc | ||
| 945 | |d 19971212 00:00:00 |a aolguin | ||
| 952 | |0 0 |1 0 |4 0 |6 340_540100000000000_GUT_1994 |7 0 |8 DER_ROM |9 295168 |a BIBDER |b BIBDER |d 2019-11-19 |h v.1 |i 1928880 |l 1 |o 340.5401 GUT 1994 |p 1928880 |r 2025-04-09 |s 2025-04-07 |w 2019-11-19 |x Ubicación 4to piso |y BK |z Este recurso debe solicitarse con anticipación |k DER | ||
| 952 | |0 0 |1 0 |4 0 |6 340_540100000000000_GUT_1994 |7 0 |8 DER_ROM |9 295169 |a BIBDER |b BIBDER |d 2019-11-19 |h v.2 |i 1929615 |l 1 |o 340.5401 GUT 1994 |p 1929615 |r 2025-04-09 |s 2025-04-07 |w 2019-11-19 |x Ubicación 4to piso |y BK |z Este recurso debe solicitarse con anticipación |k DER | ||